Kamusi ya Kiswahili sanifu (Record no. 1335)

MARC details
000 -LEADER
fixed length control field 00843cam a2200265 a 4500
001 - CONTROL NUMBER
control field 13962222
003 - CONTROL NUMBER IDENTIFIER
control field OSt
005 - DATE AND TIME OF LATEST TRANSACTION
control field 20230619142300.0
008 - FIXED-LENGTH DATA ELEMENTS--GENERAL INFORMATION
fixed length control field 050202s2004 ke a d 000 0 swa
010 ## - LIBRARY OF CONGRESS CONTROL NUMBER
LC control number 2005328080
020 ## - INTERNATIONAL STANDARD BOOK NUMBER
International Standard Book Number 0195732227 (pbk.)
040 ## - CATALOGING SOURCE
Original cataloging agency DLC
Transcribing agency DLC
Modifying agency DLC
050 00 - LIBRARY OF CONGRESS CALL NUMBER
Classification number PL8703
Item number .K34 2004
082 00 - DEWEY DECIMAL CLASSIFICATION NUMBER
Classification number 496.03
Edition number 22
Item number MUL
245 00 - TITLE STATEMENT
Title Kamusi ya Kiswahili sanifu
Statement of responsibility, etc. Oxford University Press
246 3# - VARYING FORM OF TITLE
Title proper/short title Kamusi sanifu
246 3# - VARYING FORM OF TITLE
Title proper/short title Standard Swahili-Swahili dictionary
250 ## - EDITION STATEMENT
Edition statement Toleo la 2.
260 ## - PUBLICATION, DISTRIBUTION, ETC. (IMPRINT)
Place of publication, distribution, etc. Nairobi :
Name of publisher, distributor, etc. Oxford University Press,
Date of publication, distribution, etc. 2004.
300 ## - PHYSICAL DESCRIPTION
Extent xviii, 477 p. :
Other physical details ill. ;
Dimensions 21 cm.
650 #0 - SUBJECT ADDED ENTRY--TOPICAL TERM
Topical term or geographic name as entry element Swahili language
Form subdivision Dictionaries.
906 ## - LOCAL DATA ELEMENT F, LDF (RLIN)
a 7
b cbc
c origcop
d 2
e ncip
f 20
g y-gencatlg
942 ## - ADDED ENTRY ELEMENTS (KOHA)
Source of classification or shelving scheme Dewey Decimal Classification
Koha item type Books
Holdings
Withdrawn status Lost status Source of classification or shelving scheme Damaged status Not for loan Home library Current library Date acquired Total Checkouts Full call number Barcode Date last seen Price effective from Koha item type
    Dewey Decimal Classification     Bunge Tower Library Bunge Tower Library 06/19/2023   496.03 MUL 10014583 06/19/2023 06/19/2023 Books
LIBRARY OPENING HOURS

When the Parliament is sitting: 8.00a.m - 7.00p.m or until the house adjourns
Mondays and Fridays and when the House is on Recess:  8.00a.m - 5.00p.m
Closed on Weekends and Public Holidays

Online Public Access Catalog (OPAC)
Website: http://www.parliament.go.ke
Bunge Library: https://libraryir.parliament.go.ke
Contact: library@parliament.go.ke | Tel no: (254-2)2221291 or 2848000 Ext 5043